<?xml version="1.0" encoding="UTF-8"?>
<record
    xmlns:xsi="http://www.w3.org/2001/XMLSchema-instance"
    xsi:schemaLocation="http://www.loc.gov/MARC21/slim http://www.loc.gov/standards/marcxml/schema/MARC21slim.xsd"
    xmlns="http://www.loc.gov/MARC21/slim">

  <leader>00862nam a2200277 u 4500</leader>
  <datafield tag="999" ind1=" " ind2=" ">
    <subfield code="c">7679</subfield>
    <subfield code="d">7679</subfield>
  </datafield>
  <controlfield tag="001">991060717767506706</controlfield>
  <controlfield tag="003">OSt</controlfield>
  <controlfield tag="005">20230328135014.0</controlfield>
  <controlfield tag="008">220701s202202  spc     r     000 0 cat c</controlfield>
  <datafield tag="017" ind1=" " ind2=" ">
    <subfield code="a">DL L 60-2022</subfield>
    <subfield code="b">Biblioteca de Catalunya</subfield>
  </datafield>
  <datafield tag="020" ind1=" " ind2=" ">
    <subfield code="a">9788412502428</subfield>
  </datafield>
  <datafield tag="040" ind1=" " ind2=" ">
    <subfield code="b">cat</subfield>
    <subfield code="c">CDMR</subfield>
  </datafield>
  <datafield tag="043" ind1=" " ind2=" ">
    <subfield code="a">e-sp---</subfield>
    <subfield code="b">e-spc--</subfield>
    <subfield code="2">catmarc</subfield>
  </datafield>
  <datafield tag="100" ind1="1" ind2=" ">
    <subfield code="a">Yeste, Elena,</subfield>
    <subfield code="e">1984-</subfield>
  </datafield>
  <datafield tag="245" ind1="1" ind2="0">
    <subfield code="a">Guanyem amb la llengua :</subfield>
    <subfield code="b">el catal&#xE0; durant el franquisme /</subfield>
    <subfield code="c">Elena Yeste Piquer</subfield>
  </datafield>
  <datafield tag="264" ind1=" " ind2="1">
    <subfield code="a">Juneda :</subfield>
    <subfield code="b">Fonoll,</subfield>
    <subfield code="c">2022</subfield>
  </datafield>
  <datafield tag="300" ind1=" " ind2=" ">
    <subfield code="a">195 p&#xE0;gines ;</subfield>
    <subfield code="c">20 cm</subfield>
  </datafield>
  <datafield tag="490" ind1="0" ind2=" ">
    <subfield code="a">La Mira ;</subfield>
    <subfield code="v">3</subfield>
  </datafield>
  <datafield tag="504" ind1=" " ind2=" ">
    <subfield code="a">Bibliografia: p&#xE0;gines 191-193</subfield>
  </datafield>
  <datafield tag="650" ind1=" " ind2="7">
    <subfield code="a">Catal&#xE0;</subfield>
    <subfield code="x">Ensenyament</subfield>
    <subfield code="x">Hist&#xF2;ria.</subfield>
    <subfield code="2">lemac</subfield>
  </datafield>
  <datafield tag="650" ind1=" " ind2="7">
    <subfield code="a">Socioling&#xFC;&#xED;stica</subfield>
    <subfield code="z">Catalunya.</subfield>
    <subfield code="2">lemac</subfield>
  </datafield>
  <datafield tag="830" ind1=" " ind2="3">
    <subfield code="a">La Mira (Editorial Fonoll) ; $v3</subfield>
  </datafield>
  <datafield tag="908" ind1=" " ind2=" ">
    <subfield code="a">GC</subfield>
    <subfield code="a">DGPL</subfield>
    <subfield code="a">URL</subfield>
    <subfield code="a">MD</subfield>
  </datafield>
  <datafield tag="940" ind1=" " ind2=" ">
    <subfield code="a">GCDGPL</subfield>
  </datafield>
  <datafield tag="942" ind1=" " ind2=" ">
    <subfield code="2">udc</subfield>
    <subfield code="c">MON</subfield>
  </datafield>
  <datafield tag="952" ind1=" " ind2=" ">
    <subfield code="0">0</subfield>
    <subfield code="1">0</subfield>
    <subfield code="4">0</subfield>
    <subfield code="7">0</subfield>
    <subfield code="a">CDMR</subfield>
    <subfield code="b">CDMR</subfield>
    <subfield code="d">2023-03-28</subfield>
    <subfield code="e">Donaci&#xF3;</subfield>
    <subfield code="g">19.00</subfield>
    <subfield code="l">1</subfield>
    <subfield code="o">Bf /4</subfield>
    <subfield code="p">CDMR22040004</subfield>
    <subfield code="r">2023-04-24</subfield>
    <subfield code="s">2023-04-12</subfield>
    <subfield code="w">2023-03-28</subfield>
    <subfield code="y">MON</subfield>
  </datafield>
</record>
